000 00362nam a2200169Ia 4500
005 20251020182546.0
008 200515s9999 xx 000 0 und d
082 _a747:729/A90
110 _aAtrium
245 0 _aExpomueble : Dormitorios
260 _aBarcelona
260 _c1991
300 _a159
650 _aDORMITORIOS
650 _aLIB
942 _cLIB
999 _c2574
_d2574